000 00611nam a22001817a 4500
999 _c189546
_d189546
005 20220811163618.0
010 _aB-745301
020 _a97889843590
_c125.00
035 _aB-745301
037 _bPharso Books (P)Ltd.
100 _aConrad, Joseph
245 _aHeart Of Darkness/
_cJoseph Conrad
260 _aDelhi
_bPharos Books(P)Ltd.
_c2020
270 _aPlot No- 55, Main Mother Dairy Road Pandav Nagar
_bDelhi
_e110092
_k011-40395855
_msales@pharosbooks.in
300 _a103p.
_c21cm.(Pbk)
942 _2ddc
_cEN
_mCON
_hN